000 00269nam a22001217a 4500
008 160512b xxu||||| |||| 00| 0 eng d
020 _a9780471753551
020 _a0471753556
041 _aeng
080 _a61
245 _aEnvironment :
_cReven Berg;
942 _2udc
_cBK
999 _c2068
_d2068